[Event "NOR-chT north 0203"]
[Site "Norway"]
[Date "2003.??.??"]
[Round "1"]
[White "Nestande, Per"]
[Black "Stakseng, Jostein"]
[Result "1-0"]
[WhiteElo "1786"]
[BlackElo "1789"]
[PlyCount "77"]
[EventDate "2002.10.??"]
[EventType "team"]
[EventRounds "5"]
[EventCountry "NOR"]
[SourceTitle "EXT 2005"]
[Source "ChessBase"]
[SourceDate "2004.11.15"]
[SourceVersion "1"]
[SourceVersionDate "2004.11.15"]
[SourceQuality "1"]

1. e4 Nf6 2. e5 Nd5 3. d4 d6 4. exd6 cxd6 5. Nf3 g6 6. Bc4 Nb6 7. Bb3 Bg7 8. Be3 0-0 9. Nbd2 Nc6 10. a3 Na5 11. Ba2 d5 12. Ne5 Bf5 13. b4 Nc6 14. Nxc6 bxc6 15. Nf3 a5 16. 0-0 axb4 17. axb4 Qd6 18. Qd2 Ra4 19. Bb3 Rxb4 20. Bf4 e5 21. Nxe5 c5 22. Nd3 Qd8 23. Nxb4 cxb4 24. Qxb4 Nc4 25. Rfd1 Qh4 26. Bg3 Qe4 27. c3 Qe2 28. Ra2 Qe6 29. Rda1 h5 30. h4 Bd3 31. Rd1 Qf5 32. Re1 Bh6 33. Bxc4 Bxc4 34. Ra7 Bf4 35. Rae7 Bxg3 36. fxg3 Kg7 37. Re8 Rxe8 38. Rxe8 Qf1+ 39. Kh2 1-0